Normal view
MARC view
- Harvard University.
Entry Corporate Name
001 - CONTROL NUMBER
- control field: 33619
003 - CONTROL NUMBER IDENTIFIER
- control field: NUST
005 - DATE AND TIME OF LATEST TRANSACTION
- control field: 20201020150225.0
008 - FIXED-LENGTH DATA ELEMENTS
- fixed length control field: 201020|| aca||aabn | a|a d
040 ## - CATALOGING SOURCE
- Original cataloging agency: NUST
- Transcribing agency: NUST
110 ## - HEADING--CORPORATE NAME
- Corporate name or jurisdiction name as entry element: Harvard University.
- Subordinate unit: Graduate School of Design
670 ## - SOURCE DATA FOUND
- Source citation: Work cat.: (NUST)648: Czerniak, Julia 33615, Large parks /, 2007.
